00362nam a2200133Ia 4500082002800000100002200028245003700050260003700087300001100124504002600135650001800161650002700179650002200206 a150.954 JAI-B SL1 aJaisawal, Sitaram 0aBharatiya manovigyan aur shiksha aNew DelhibAraya Book Depoc2004 ax, 262 aIncludes bibliography aConsciousness aEducational psychology aPsychologyzIndia